000 00746cam a22002651 4500
001 sa 68005625
003 DLC
005 20260227112510.0
008 890629s1967 ii b 000 0 hino
010 _asa 68005625
035 _a(OCoLC)19948772
040 _aDLC
_cWaU
_dDLC
042 _apremarc
043 _aa-ii---
050 0 0 _aPN1049.H5
_bC5
100 1 _aCaudhurī, Indranātha,
_d1936-
245 1 0 _aĀdhunika Hindī aura Baṅgalā kāvyaśāstra kā tulanātmaka adhyayana.
260 _c[1967]
300 _a18, 544 p.
_c25 cm.
500 _aIn Hindi.
504 _aBibliographical footnotes.
650 0 _aPoetics.
650 0 _aHindi poetry
_xHistory and criticism.
650 0 _aBengali poetry
_xHistory and criticism.
999 _c80822
_d80822